000 00363nam a22001217a 4500
082 _a220 PRO
100 _aNC IBRAR AHMED GC MUNEEB UR REHMAN
_973055
245 _aPR-SOF-1920-3D Bounding Box Detection of Vehicle
260 _aISLAMABAD
_bNUST COLLEGE OF EME
_c2020
650 _aDE-COMP-38
700 _aPROJECT SUPERVISOR Dr. SHAHZOR AHMAD
_971309
942 _cCR
999 _c578941
_d578941